गोलू भागा घर से (Record no. 537)

MARC details
000 -LEADER
fixed length control field 00943 a2200253 4500
005 - DATE AND TIME OF LATEST TRANSACTION
control field 20190209140955.0
010 ## - LCCN (DPL NO)
LC control number HIN-78759, B-308622, B-252947
020 ## - INTERNATIONAL STANDARD BOOK NUMBER
International Standard Book Number 8179020266
Terms of availability 100.00
020 ## - INTERNATIONAL STANDARD BOOK NUMBER
Terms of availability 125.00
035 ## - SYSTEM CONTROL NUMBER
System control number B-209801,B-308622,B-252947
037 ## - SOURCE OF ACQUISITION
Source of stock number/acquisition D.B.Act / pub
082 ## - DEWEY DECIMAL CLASSIFICATION NUMBER
Classification number
100 ## - MAIN ENTRY--PERSONAL NAME
Personal name मनु, प्रकाश
245 ## - TITLE STATEMENT
Title गोलू भागा घर से
Statement of responsibility, etc प्रकाश मनु
246 ## - VARYING FORM OF TITLE
Title proper/short title Goloo Bhaga Ghar se
Remainder of title by Prakash Manu
260 ## - PUBLICATION, DISTRIBUTION, ETC. (IMPRINT)
Place of publication, distribution, etc दिल्ली
Name of publisher, distributor, etc सावित्री प्रकाशन
Date of publication, distribution, etc 2007,
270 ## - ADDRESS
Address 1376,कश्मीरी गेट
City दिल्ली
Postal code 110006
300 ## - PHYSICAL DESCRIPTION
Extent 116पृ
Other physical details सचित्र
Dimensions 24 सेमी (सजिल्द)
650 ## - SUBJECT ADDED ENTRY--TOPICAL TERM
Topical term or geographic name as entry element बाल उपन्यास
650 ## - SUBJECT ADDED ENTRY--TOPICAL TERM
Topical term or geographic name as entry element उपन्यास
650 ## - SUBJECT ADDED ENTRY--TOPICAL TERM
Topical term or geographic name as entry element Children Novel
942 ## - ADDED ENTRY ELEMENTS (KOHA)
Institution code [OBSOLETE] dpl
Item type Children Books
Call number prefix उ / मनुप्र
Source of classification or shelving scheme Dewey Decimal Classification
Edition 2007
Holdings
Withdrawn status Lost status Not for loan Home library Current library Date acquired Barcode Cost, replacement price Koha item type Collection code Cost, normal purchase price Full call number Source of acquisition Copy number
      Andrews Gunj Jor Bagh (Children Lib)   B-209801 21.00 Children Books          
      R.C.Libraries (zls) R.C.Libraries (zls) 14/11/2018 B-252944 125.00 Children Books Fiction 125.00 क प्रकाश    
      R.C.Libraries (zls) R.C.Libraries (zls) 09/02/2019 B-252947 125.00 Children Books Fiction 125.00 उ प्रकाश   1.
      Shahdara Branch Shahdara Branch 29/12/2018 B-252959 125.00 Children Books Fiction 125.00 उ प्रकाश BPPD/PUB  

© Delhi Public Library
Hit Counter
free hit counter